000
00240nam a22001217a 4500
040
_c
HS
082
_a
616
100
_a
NA
245
_a
Blood, lymphatic , and cardiovascular system
260
_a
NA
_b
NA
_c
NA
300
_a
291p.
942
_c
EK
999
_c
8756
_d
8756